Lo mejor de Octavio Paz el fuego de cada día
Guardat en:
| Autor principal: | |
|---|---|
| Format: | Desconegut |
| Publicat: |
México
Seix Barral
1989
|
| Matèries: | |
| Etiquetes: |
Afegir etiqueta
Sense etiquetes, Sigues el primer a etiquetar aquest registre!
|
MARC
| LEADER | 000000000a22000000004500 | ||
|---|---|---|---|
| 001 | 001963 | ||
| 020 | |a 9684061552 | ||
| 041 | 0 | |a español | |
| 092 | 0 | |a M861.4 P348f | |
| 100 | 1 | |a Paz, Octavio |d 1914-1998 | |
| 245 | 1 | 3 | |a Lo mejor de Octavio Paz |b el fuego de cada día |
| 260 | |a México |b Seix Barral |c 1989 | ||
| 300 | |a 358 páginas | ||
| 500 | |a número de inscripción 05995 -- Las obras recopiladas son creaciones del autor. -- Reimpresiones: 1990 | ||
| 650 | 4 | |a LITERATURA MEXICANA | |
| 650 | 4 | |a POESIA | |
| 650 | 4 | |a CRITICAS | |
| 600 | 4 | |a PAZ, OCTAVIO, 1914-1998 | |
| 999 | |c 2848 |d 2848 | ||



